000 00538nam a2200193Ia 4500
005 20250326140557.0
008 250326s9999 xx 000 0 und d
020 _a0-8342-0839-3
037 _aTextbook
040 _aFMSL
_beng
_cFMSL
041 _aeng
_2eng
084 _aL:5 P0
_qFMSL
100 _aSchneider Mary Jane
_9283738
245 0 _aIntroduction to public health
_cSchneider Mary Jane
260 _aMary
_bMary, land Aspen Pub.
_c2000
300 _axxxi,496
942 _cTB
_hL:5 P0
999 _c1286391
_d1286391